UM Logo

Success mind/ (Record no. 1443)

MARC details
000 -LEADER
fixed length control field 00471nam a22001577a 4500
008 - FIXED-LENGTH DATA ELEMENTS--GENERAL INFORMATION
fixed length control field 160328b xxu||||| |||| 00| 0 eng d
082 ## - DEWEY DECIMAL CLASSIFICATION NUMBER
Edition number 2012
Classification number DC 299.93
Item number Ok41
100 ## - MAIN ENTRY--PERSONAL NAME
9 (RLIN) 4376
Personal name Ryuho Okawa
245 ## - TITLE STATEMENT
Title Success mind/
Statement of responsibility, etc. Ryuho Okawa.
250 ## - EDITION STATEMENT
Edition statement First Edition
260 ## - PUBLICATION, DISTRIBUTION, ETC. (IMPRINT)
Place of publication, distribution, etc. Japan:
Name of publisher, distributor, etc. Happy Science;
Date of publication, distribution, etc. c2012.
300 ## - PHYSICAL DESCRIPTION
Extent 23 pages;
Dimensions 18 cm.
650 #0 - SUBJECT ADDED ENTRY--TOPICAL TERM
9 (RLIN) 4377
Topical term or geographic name as entry element United church, religious science
General subdivision Doctrine
650 #0 - SUBJECT ADDED ENTRY--TOPICAL TERM
9 (RLIN) 4378
Topical term or geographic name as entry element Sciences
General subdivision religious aspect
942 ## - ADDED ENTRY ELEMENTS (KOHA)
Source of classification or shelving scheme Dewey Decimal Classification
Koha item type Circulation
Holdings
Withdrawn status Lost status Source of classification or shelving scheme Damaged status Not for loan Collection code Home library Current library Shelving location Date acquired Source of acquisition Total Checkouts Full call number Barcode Date last seen Date last checked out Copy number Price effective from Koha item type
    Dewey Decimal Classification     Circulation UM Digos College - LIC UM Digos College - LIC Book Cart 03/01/2014 Donated 5 DC 299.93 Ok41 2012 22284 05/15/2025 11/02/2022 1 03/28/2016 Circulation